Obchod zajtrajška je na internete
Pandémia koronavírusu výrazne zmenila nielen správanie zákazníkov, ale hlavne možnosti, ako sa spotrebitelia k svojmu tovaru zakúpenému online vedia dostať. Zvýšený objem online nákupov má za následok zvyšujúci sa dopyt po doručovaní a tlak na rast pohodlia a kvality doručenia. Ide o trend tzv. výda...
Salvato in:
| Autore principale: | |
|---|---|
| Natura: | Capitolo di libro |
| Lingua: | slovacco |
| Soggetti: | |
| Tags: |
Nessun Tag, puoi essere il primo ad aggiungerne!!
|
MARC
| LEADER | 00000naa a2200000 4500 | ||
|---|---|---|---|
| 001 | 0283843 | ||
| 005 | 20240417075206.3 | ||
| 041 | 0 | |a slo | |
| 044 | |a CZ | ||
| 245 | 1 | 0 | |a Obchod zajtrajška je na internete |c Peter Kapitán |
| 520 | |a Pandémia koronavírusu výrazne zmenila nielen správanie zákazníkov, ale hlavne možnosti, ako sa spotrebitelia k svojmu tovaru zakúpenému online vedia dostať. Zvýšený objem online nákupov má za následok zvyšujúci sa dopyt po doručovaní a tlak na rast pohodlia a kvality doručenia. Ide o trend tzv. výdajných miest. | ||
| 610 | 2 | 0 | |a správanie spotrebiteľa |
| 610 | 2 | 0 | |a nákup elektronický |
| 610 | 2 | 0 | |a internet |
| 610 | 2 | 0 | |a distribúcia |
| 610 | 2 | 0 | |a objednávky |
| 100 | 1 | |a Kapitán, Peter | |